Türk basınında iz bırakanlar (Record no. 1694)

MARC details
000 -BAŞLIK
Sabit Uzunlukta Kontrol Alanı 00644na a2200241 4500
001 - KONTROL NUMARASI
Denetim Alanı 16765
003 - KONTROL NUMARASI IDENTIFIER
Denetim Alanı MIRAKIL
005 - SON İŞLEM TARİHİ VE ZAMANI
Denetim Alanı 20181213154832.0
008 - SABİT-BOY VERİ ELEMANLARI - GENEL BİLGİLER
Sabit Uzunlukta Kontrol Alanı 161013b tu 000 0
040 ## - KATALOGLAMA KAYNAK
Orijinal Kataloglama Ajansı Milas
Kataloglama Dili tur
Metne Dönüştürmek Ajansı TR-AnCHP
041 ## - DİL KODU
Metin / Ses Parça Veya Ayrı Başlığın Dil Kodu tur
082 ## - DEWEY ONLU SINIFLANDIRMA NUMARASI
Sınıflandırma Numarası 070.92
Ürün Numarası İ58t 1999
090 ## - SINIFLAMA NUMARASI
Sınıflama Numarası 070.92 İ58t 1999
100 ## - ANA GİRİŞ - KİŞİSEL İSİM
Kişisel Ad İnuğur, M. Nuri
245 ## - BAŞLIK TABLOSU
Başlık Türk basınında iz bırakanlar
Sorumluluk Tablosu, Vb M. Nuri İnuğur
250 ## - EDITION TABLOSU
Baskı Beyanı gnşl. 2. bs.
260 ## - YAYIN, DAĞITIM, VB
Yayın, Dağıtım, Vb Yeri İstanbul
Yayıncı, Dağıtıcı, Vs Adı Der Yayınevi
Yayın, Dağıtım, Vb Tarihi 1999
300 ## - FİZİKSEL TANIM
Kapsam 254 s.
Boyutlar 24 sm.
490 ## - SERİSİ TABLOSU
Seri Beyanı Der Yayınevi
Hacim / Ardışık Tanımı 53
504 ## - KAYNAKÇA VB NOT
Kaynakça Vb Notu Kaynakça var.
650 ## - KONU KATMA GİRİŞ - TOPİKAL DÖNEM
Topikal Süreli Veya Coğrafi Ad Giriş Elemanı Gazetecilik
Genel Alt Bölümü Türkler
Kronolojik Alt Bölümü Tarih
942 ## - EKLENDİ GİRİŞ ELEMANLARI (KOHA)
Sınıflandırma Veya Raf Düzeni Kaynak Dewey Decimal Classification
Koha Öğesi Türü Books
999 ## - SİSTEM KONTROL NUMARALARI (KOHA)
Koha Biblionumber 1694
Koha Biblioitemnumber 1694
Holdings
Kalıcı Konum Mevcut Konum Edinme Tarihi Edinim Kaynak Toplam Check-Out'Lar Tam Çağrı Numarası Barkod Tarih Son Görülme İtibaren Geçerli Fiyatlar Koha Öğesi Türü
CHP Kütüphanesi CHP Kütüphanesi 10/13/2016 Bağış   070.92 İ58t 1999 005710 10/13/2016 10/13/2016 Books